Načítá se...

Glossary of cataloguing terms /

Podrobná bibliografie
Korporativní autor: Indian Standards Institution, New Delhi
Jazyk:Undetermined
Vydáno: 1959.
Témata:
LEADER 00442nam a2200145Ia 4500
001 9348
008 170722s9999 xx 000 0 und d
110 |a Indian Standards Institution, New Delhi 
245 |a Glossary of cataloguing terms / 
260 |c 1959. 
653 |a Cataloguing 
653 |a Library Science 
942 |c GEN 
999 |c 55929  |d 55929 
952 |0 0  |1 0  |4 0  |6 255K_J9  |7 0  |9 79886  |a LIB  |b LIB  |d 2013-03-25  |o 2:55k J9  |p 78988  |r 2017-08-12  |w 2017-08-12  |y GEN